La maison des hommes
Αποθηκεύτηκε σε:
| Κύριοι συγγραφείς: | , |
|---|---|
| Μορφή: | Βιβλίο |
| Γλώσσα: | Γαλλικά |
| Έκδοση: |
París
Plon
1942
|
| Θέματα: | |
| Ετικέτες: |
Προσθήκη ετικέτας
Δεν υπάρχουν, Καταχωρήστε ετικέτα πρώτοι!
|
MARC
| LEADER | 00000nam a2200000 a 4500 | ||
|---|---|---|---|
| 001 | UCK4222 | ||
| 003 | CL-VaPUC | ||
| 008 | 050527e19420000FR |||||||||||||||||fre|d | ||
| 082 | 0 | 4 | |a 724.9 |b PIE |2 21 |
| 100 | 0 | |a Pierrefeu, Francois de |e author |9 492693 | |
| 245 | 1 | 3 | |a La maison des hommes |
| 300 | |a 209 p | ||
| 700 | |a Le Corbusier |e author |9 265037 | ||
| 942 | |c BK | ||
| 945 | |d 20050527 00:00:00 |a cmena | ||
| 260 | |a París |b Plon |c 1942 | ||
| 650 | 0 | |a Urbanismo |9 255208 | |
| 650 | 0 | |a Arquitectura de viviendas |9 265159 | |
| 650 | 7 | |a URBANIZACION SIGLO 20 |2 CL-VaPUC |9 267495 | |
| 650 | 0 | |a Planificación urbana |9 258176 | |
| 650 | 0 | |a Arquitectura moderna |9 265021 | |
| 583 | |a last modification |c 20050527 00:00:00 |k Rodrigo Vera | ||
| 999 | |c 313161 |d 313159 | ||
| 952 | |0 0 |1 0 |4 0 |6 724_900000000000000_PIE_1942 |7 0 |8 P |9 384263 |a BIBARQ |b BIBARQ |d 2019-11-22 |i 4127242 |o 724.9 PIE 1942 |p 4127242 |r 2025-01-20 |w 2019-11-22 |y BK |k ARQ | ||